Metrics for sustainable business : (Record no. 362590)
[ view plain ]
| 000 -LEADER | |
|---|---|
| fixed length control field | 00479nam a2200133Ia 4500 |
| 008 - FIXED-LENGTH DATA ELEMENTS--GENERAL INFORMATION | |
| fixed length control field | 191111s9999 xx 000 0 und d |
| 020 ## - INTERNATIONAL STANDARD BOOK NUMBER | |
| International Standard Book Number | 9781138901728 |
| 100 ## - MAIN ENTRY--PERSONAL NAME | |
| Personal name | Herriot, Scott R. |
| 245 ## - TITLE STATEMENT | |
| Statement of responsibility, etc | Scott R. Herriot.-- |
| Title | Metrics for sustainable business : |
| Remainder of title | measures and standards for the assessment of organizations / |
| 260 ## - PUBLICATION, DISTRIBUTION, ETC. (IMPRINT) | |
| Place of publication, distribution, etc | USA : |
| Name of publisher, distributor, etc | Routledge |
| Date of publication, distribution, etc | 2016 |
| 300 ## - PHYSICAL DESCRIPTION | |
| Extent | xvi, 239 pages. |
| 650 ## - SUBJECT ADDED ENTRY--TOPICAL TERM | |
| Topical term or geographic name as entry element | Management -- environmental aspects |
| 650 ## - SUBJECT ADDED ENTRY--TOPICAL TERM | |
| Topical term or geographic name as entry element | Sustainable development reading |
| Withdrawn status | Lost status | Damaged status | Home library | Current library | Shelving location | Date acquired | Source of acquisition | Total Checkouts | Full call number | Barcode | Date last seen | Price effective from | Koha item type |
|---|---|---|---|---|---|---|---|---|---|---|---|---|---|
| College Library | College Library | Reserve Section | 11/11/2019 | Library Fund | HD 60.3 .H567 2016 | C21944 | 11/11/2019 | 11/11/2019 | Books |